National Assembly Library of Thailand

ผลกระทบของแรงงานต่างด้าวต่อการเคลื่อนย้ายแรงงานไทยและอุตสาหกรรมการผลิตในประเทศไทย (ระเบียนเลขที่ 61436)

รายละเอียดในรูปแบบ MARC
000 -LEADER
fixed length control field 01325nam a22002297a 4500
005 - DATE AND TIME OF LATEST TRANSACTION
control field 20240724233242.0
008 - FIXED-LENGTH DATA ELEMENTS--GENERAL INFORMATION
fixed length control field s2553 th tha d
041 ## - LANGUAGE CODE
Language code of text/sound track or separate title tha
050 ## - LIBRARY OF CONGRESS CALL NUMBER
Classification number HD6300 ก682ผ 2553
100 0# - MAIN ENTRY--PERSONAL NAME
Personal name กิริยา กุลกลการ, บรรณาธิการ
245 10 - TITLE STATEMENT
Title ผลกระทบของแรงงานต่างด้าวต่อการเคลื่อนย้ายแรงงานไทยและอุตสาหกรรมการผลิตในประเทศไทย
260 3# - PUBLICATION, DISTRIBUTION, ETC.
Place of publication, distribution, etc. กรุงเทพฯ :
Name of publisher, distributor, etc. สำนักงานกองทุนสนับสนุนการวิจัย,
Date of publication, distribution, etc. 2553
300 ## - PHYSICAL DESCRIPTION
Extent 98 หน้า :
Other physical details กราฟ ;
Dimensions 30 ซม.
650 04 - SUBJECT ADDED ENTRY--TOPICAL TERM
Topical term or geographic name entry element การเคลื่อนย้ายแรงงาน -- ไทย -- วิจัย
650 04 - SUBJECT ADDED ENTRY--TOPICAL TERM
Topical term or geographic name entry element แรงงานข้ามชาติ -- ไทย -- ผลกระทบ -- วิจัย
650 04 - SUBJECT ADDED ENTRY--TOPICAL TERM
Topical term or geographic name entry element แรงงานต่างด้าว -- ผลกระทบ -- วิจัย
850 ## - HOLDING INSTITUTION
Holding institution NALT
942 ## - ADDED ENTRY ELEMENTS (KOHA)
Koha item type Research/Thesis
997 ## -
-- บ 23144
997 ## -
-- 000000000061436
998 ## - LOCAL CONTROL INFORMATION (RLIN)
-- นางสาวชัชฎา จูฑะรักษ์
รายการที่มีในห้องสมุด
Withdrawn status Lost status Damaged status Not for loan Collection code Home library Current library Source of acquisition Total Checkouts Full call number Barcode Date last seen Price effective from Koha item type
        Research & Theses collection National Assembly Library of Thailand National Assembly Library of Thailand บริจาค   ว HD6300 ก682ผ 2553 3961181910 09/06/2017 09/06/2017 Research/Thesis
หอสมุดรัฐสภา
สำนักงานเลขาธิการสภาผู้แทนราษฎร เลขที่ 1111 ถนนสามเสน แขวงถนนนครไชยศรี เขตดุสิต กรุงเทพฯ 10300
The Secretariat of the House of Representatives 1111 Samsen Road, Thanon Nakhon Chai Si, Dusit, Bangkok 10300, THAILAND
โทรศัพท์: +66(0) 2242 5900 ต่อ 5714-5 โทรสาร: +66(0) 2242 5990 อีเมล: [email protected]